Movies Quiz

Random Movies or Animation Quiz
Score 0/20 Timer 04:00
1 Play Today
% Correct
Aah, I slept through the comet that killed the unicorns.
85.4%
'With their teeth'
78.1%
'Was this before she abandoned you?'
76.5%
'Lord of Touch Me and You're Dead.'
76.3%
'So you got three melons?'
75.8%
'Yeah, and maybe he'll grow fur, and a long, skinny neck and call you Mama.'
74.9%
'Oh! I'm not pregnant!'
70.5%
Excuse me? I happen to be a remorseless assassin.
70.2%
'No thanks, I choose life.'
68.2%
We tried 'The Big Smelly Crack' but people kept giggling.
67.4%
% Correct
'That's funny; you're a funny guy. But that's not how I got my name.'
64.8%
'Protect the dodo way of life. Survival separates the dodos from the beasts.'
63.2%
'Call me Squid. '
62.6%
'It sounds very attractive.'
60.4%
'Uh! This was a gift from my mother.'
55.5%
'Well, 'I'm', anyway.'
55.1%
'Wait a minute. I thought rhinos were vegetarians.'
51%
Sid? I'm-I'm gonna fall on you again and this time, I will kill you.
49.8%
'Get off me!'
48%
I know; I'm having a blast.
44.7%

You're not logged in!

Compare scores with friends on all Sporcle quizzes.
OR
Log In

Sporcle TV

Today on Sporcle TV


Watch our educational content, quiz creation guides, and fun videos on Sporcle TV.

Show Comments

Extras

Top Quizzes Today


Score Distribution

Paid Content

Your Account Isn't Verified!

In order to create a playlist on Sporcle, you need to verify the email address you used during registration. Go to your Sporcle Settings to finish the process.

Report this User

Report this user for behavior that violates our Community Guidelines.

Details: